[Event "Erandio op"]
[Site "Erandio"]
[Date "2007.12.21"]
[Round "8"]
[White "Hubschmid, Stefan"]
[Black "Galarza Docampo, Karmel"]
[Result "1-0"]
[WhiteElo "2066"]
[BlackElo "2099"]
[PlyCount "65"]
[EventDate "2007.12.17"]
[EventType "swiss"]
[EventRounds "9"]
[EventCountry "ESP"]
[SourceTitle "CBM 121 Extra"]
[Source "ChessBase"]
[SourceDate "2008.01.10"]
[SourceVersion "1"]
[SourceVersionDate "2008.01.10"]
[SourceQuality "1"]

1. e4 c6 2. d4 d5 3. exd5 cxd5 4. c4 Nf6 5. Nc3 Nc6 6. Nf3 Bg4 7. cxd5 Nxd5 8. Qb3 Bxf3 9. gxf3 Nxc3 10. bxc3 e6 11. Qxb7 Qc8 12. Ba6 Nxd4 13. Qxc8+ Rxc8 14. cxd4 Bb4+ 15. Bd2 Bxd2+ 16. Kxd2 Rd8 17. Ke3 Ke7 18. Rhc1 Rd7 19. Rab1 Rhd8 20. Rb7 Kf6 21. Rcc7 Rxc7 22. Rxc7 Ra8 23. Rc8 Rxc8 24. Bxc8 Ke7 25. f4 g6 26. h4 Kd6 27. Bb7 Kc7 28. Bg2 f5 29. Kd3 Kb6 30. Kc4 h6 31. d5 exd5+ 32. Bxd5 Kc7 33. Bf7 1-0

[Event "Milan Crespi op-A 28th"]
[Site "Milan"]
[Date "2007.12.09"]
[Round "7"]
[White "Hubschmid, Stefan"]
[Black "Barberi, Alessandro"]
[Result "1-0"]
[WhiteElo "2066"]
[BlackElo "2157"]
[PlyCount "57"]
[EventDate "2007.12.05"]
[EventType "swiss"]
[EventRounds "7"]
[EventCountry "ITA"]
[SourceTitle "EXT 2009"]
[Source "ChessBase"]
[SourceDate "2008.11.26"]
[SourceVersion "1"]
[SourceVersionDate "2008.11.26"]
[SourceQuality "1"]

1. e4 g6 2. d4 Bg7 3. Nf3 d6 4. Nc3 a6 5. a4 b6 6. Bd3 Bb7 7. 0-0 Nd7 8. Be3 e6 9. Qd2 h6 10. Ne1 c5 11. dxc5 Nxc5 12. f4 Nf6 13. f5 Nfxe4 14. Bxe4 Nxe4 15. Nxe4 Bxe4 16. fxe6 fxe6 17. Qb4 d5 18. Bxb6 Rb8 19. a5 Rf8 20. Nd3 Bxd3 21. cxd3 Rf5 22. Rxf5 gxf5 23. Rc1 Qd7 24. d4 Rc8 25. Rxc8+ Qxc8 26. Bc5 Kd7 27. Qb6 Qc7 28. Qxa6 Bxd4+ 29. Bxd4 1-0

[Event "Winterthur op"]
[Site "Winterthur"]
[Date "2007.10.08"]
[Round "4"]
[White "Macak, Stefan"]
[Black "Hubschmid, Stefan"]
[Result "1-0"]
[WhiteElo "2384"]
[BlackElo "2066"]
[PlyCount "99"]
[EventDate "2007.10.05"]
[EventType "swiss"]
[EventRounds "9"]
[EventCountry "SUI"]
[SourceTitle "CBM 120 Extra"]
[Source "ChessBase"]
[SourceDate "2007.11.01"]
[SourceVersion "1"]
[SourceVersionDate "2007.11.01"]
[SourceQuality "1"]

1. e4 e5 2. Nf3 Nc6 3. d4 exd4 4. Nxd4 Nf6 5. Nxc6 bxc6 6. e5 Qe7 7. Qe2 Nd5 8. c4 Ba6 9. b3 g6 10. Bb2 Bg7 11. g3 0-0 12. Bg2 Rae8 13. 0-0 Bxe5 14. Bxe5 Qxe5 15. Qxe5 Rxe5 16. cxd5 Bxf1 17. Kxf1 cxd5 18. Nc3 c6 19. h4 h5 20. Rc1 f5 21. Ne2 Kf7 22. Rc5 Rb8 23. Ra5 Rb7 24. Nf4 Kf6 25. Bf3 Re8 26. Ra6 Rc8 27. Nxd5+ Kg7 28. Nf4 Re8 29. Nd3 Rc7 30. Ra5 Kf6 31. Ra4 Re7 32. Ra5 Re8 33. Be2 Re7 34. f4 Re4 35. Kf2 Re8 36. Ra6 Rb8 37. Ke1 Rbb7 38. Kd2 Rb8 39. Bf3 Rb5 40. Kc3 Rb8 41. b4 Rb5 42. a4 Rb8 43. b5 Rb6 44. Rxb6 axb6 45. bxc6 dxc6 46. Ne5 b5 47. a5 c5 48. a6 Kg7 49. Bb7 Kf6 50. a7 1-0

[Event "Turin op"]
[Site "Turin"]
[Date "2006.12.??"]
[Round "1"]
[White "Parodi, Alessandro"]
[Black "Hubschmid, Stefan"]
[Result "1/2-1/2"]
[WhiteElo "1892"]
[BlackElo "2010"]
[PlyCount "55"]
[EventDate "2006.12.05"]
[EventType "swiss"]
[EventRounds "7"]
[EventCountry "ITA"]
[SourceTitle "EXT 2011"]
[Source "ChessBase"]
[SourceDate "2010.11.26"]
[SourceVersion "1"]
[SourceVersionDate "2010.11.26"]
[SourceQuality "1"]

1. d4 f5 2. c4 Nf6 3. Nf3 e6 4. Nc3 d5 5. Bg5 c6 6. e3 Bd6 7. Ne5 0-0 8. f4 Qe8 9. Be2 Ne4 10. Nxe4 fxe4 11. 0-0 Be7 12. Bxe7 Qxe7 13. g4 Nd7 14. Qe1 Nxe5 15. dxe5 Bd7 16. h4 Be8 17. Qg3 Qd7 18. Rf2 g6 19. Raf1 Kh8 20. Kh1 b6 21. Rg1 d4 22. Rfg2 c5 23. f5 d3 24. Bd1 exf5 25. gxf5 Qxf5 26. Bg4 Qf7 27. e6 Qf6 28. Qc7 1/2-1/2

[Event "Harburg-chC 3rd"]
[Site "Hamburg"]
[Date "2005.06.24"]
[Round "1"]
[White "Kemeny, Matthias"]
[Black "Hubschmid, Stefan"]
[Result "1-0"]
[WhiteElo "2032"]
[BlackElo "2059"]
[PlyCount "93"]
[EventDate "2005.06.??"]
[EventType "tourn"]
[EventRounds "5"]
[EventCountry "GER"]
[SourceTitle "EXT 2006"]
[Source "ChessBase"]
[SourceDate "2005.11.24"]
[SourceVersion "1"]
[SourceVersionDate "2005.11.24"]
[SourceQuality "1"]

1. e4 e5 2. Nf3 Nc6 3. Bb5 a6 4. Ba4 Nf6 5. 0-0 Be7 6. Re1 b5 7. Bb3 0-0 8. a4 Bb7 9. c3 d6 10. d3 Na5 11. Bc2 c5 12. Nbd2 Nc6 13. Nf1 b4 14. Ne3 g6 15. Bb3 a5 16. Nc4 Nd7 17. Bh6 Re8 18. h4 Qc7 19. Ne3 Nb6 20. Ng5 Nd8 21. Qf3 Bf8 22. Ng4 Bxh6 23. Nxh6+ Kg7 24. Nhxf7 c4 25. Nxd8 Raxd8 26. dxc4 Nxc4 27. Bxc4 Qxc4 28. cxb4 Rf8 29. Qe3 Rd7 30. Rac1 Qg8 31. Qb6 h6 32. Rc7 Bc8 33. Qxd6 hxg5 34. Rxd7+ Bxd7 35. Qxd7+ Rf7 36. Qd5 gxh4 37. Qxe5+ Kh7 38. bxa5 Qf8 39. Qg5 Rf4 40. a6 Kg7 41. a7 Rf7 42. Qd5 Qb4 43. a8Q Qxe1+ 44. Kh2 Qxf2 45. Qe5+ Rf6 46. Qe7+ Rf7 47. Qaf8+ 1-0

[Event "Bern Ambassador op"]
[Site "Bern"]
[Date "2000.12.27"]
[Round "2"]
[White "Kaenel, Hansjuerg"]
[Black "Hubschmid, Stefan"]
[Result "1-0"]
[WhiteElo "2452"]
[BlackElo "2140"]
[PlyCount "51"]
[EventDate "2000.12.26"]
[EventType "swiss"]
[EventRounds "7"]
[EventCountry "SUI"]
[SourceTitle "EXT 2002"]
[Source "ChessBase"]
[SourceDate "2001.11.25"]
[SourceVersion "1"]
[SourceVersionDate "2001.11.25"]
[SourceQuality "1"]

1. Nf3 d5 2. e3 e6 3. b3 Nf6 4. Bb2 Be7 5. c4 0-0 6. Be2 Nbd7 7. 0-0 c5 8. d3 b6 9. Nbd2 Bb7 10. Rc1 Bd6 11. Rc2 Qe7 12. Qa1 a6 13. h3 Rfc8 14. Rfc1 b5 15. d4 bxc4 16. bxc4 a5 17. cxd5 exd5 18. dxc5 Bxc5 19. Bb5 Ba3 20. Nb3 Bxb2 21. Qxb2 Qb4 22. Bxd7 Nxd7 23. Qd4 Nb6 24. Nc5 Nc4 25. Nd3 Qb6 26. Rxc4 1-0

[Event "Biel MTO op"]
[Site "Biel"]
[Date "2000.07.30"]
[Round "6"]
[White "Hanewinkel, Winfried"]
[Black "Hubschmid, Stefan"]
[Result "0-1"]
[WhiteElo "2022"]
[BlackElo "2140"]
[PlyCount "88"]
[EventDate "2000.07.24"]
[EventType "swiss"]
[EventRounds "11"]
[EventCountry "SUI"]
[SourceTitle "CBM 077 Extra"]
[Source "ChessBase"]
[SourceDate "2000.09.14"]
[SourceVersion "1"]
[SourceVersionDate "2000.09.14"]
[SourceQuality "1"]

1. d4 d5 2. c4 e6 3. cxd5 exd5 4. Nc3 Nf6 5. Bg5 Nbd7 6. e3 c6 7. Qc2 Be7 8. Bd3 h6 9. Bf4 Nh5 10. Bg3 Nxg3 11. hxg3 Nf6 12. Nf3 Bd6 13. 0-0-0 Qc7 14. Kb1 Bd7 15. e4 dxe4 16. Nxe4 Nxe4 17. Bxe4 0-0-0 18. Qb3 Rhe8 19. Bd3 Be6 20. Bc4 Bxc4 21. Qxc4 Kb8 22. Rhe1 Qd7 23. Rxe8 Rxe8 24. Qd3 Bb4 25. a3 Ba5 26. Ne5 Qd5 27. Qf5 Re7 28. Qf3 Qxf3 29. gxf3 f6 30. Nc4 Be1 31. Kc2 Bxf2 32. g4 Kc7 33. Rd3 g6 34. Nd2 f5 35. d5 Rd7 36. dxc6 Rxd3 37. Kxd3 Kxc6 38. Nc4 Kd5 39. a4 fxg4 40. fxg4 h5 41. gxh5 gxh5 42. Na5 b6 43. Nb3 h4 44. Ke2 Bd4 0-1

[Event "Biel MTO op"]
[Site "Biel"]
[Date "2000.07.28"]
[Round "5"]
[White "Hubschmid, Stefan"]
[Black "Huss, Andreas"]
[Result "0-1"]
[WhiteElo "2140"]
[BlackElo "2346"]
[PlyCount "72"]
[EventDate "2000.07.24"]
[EventType "swiss"]
[EventRounds "11"]
[EventCountry "SUI"]
[SourceTitle "CBM 077 Extra"]
[Source "ChessBase"]
[SourceDate "2000.09.14"]
[SourceVersion "1"]
[SourceVersionDate "2000.09.14"]
[SourceQuality "1"]

1. e4 e6 2. d4 d5 3. Nc3 Bb4 4. e5 Qd7 5. a3 Bxc3+ 6. bxc3 b6 7. Qg4 f5 8. Qg3 Nc6 9. a4 Bb7 10. Be2 0-0-0 11. Nh3 Na5 12. Nf4 g6 13. 0-0 Ne7 14. Nd3 h6 15. h4 Rdg8 16. f4 Nec6 17. Qf2 Nc4 18. Rd1 N6a5 19. Nb2 Nxb2 20. Bxb2 g5 21. Kh2 Nc4 22. Bc1 a5 23. Rd3 Qe7 24. g3 gxh4 25. gxh4 Rg7 26. Kh3 Rhg8 27. Bd2 Ba6 28. Bh5 Bb7 29. Qh2 Bc6 30. Be1 Rg1 31. Bf3 Bxa4 32. Rxa4 Rxe1 33. Rd1 Rxd1 34. Bxd1 Nb2 35. Ra1 Nxd1 36. Rxd1 Qg7 0-1

[Event "Biel MTO op"]
[Site "Biel"]
[Date "2000.07.24"]
[Round "1"]
[White "Hubschmid, Stefan"]
[Black "Cherniaev, Alexander"]
[Result "0-1"]
[WhiteElo "2140"]
[BlackElo "2454"]
[PlyCount "80"]
[EventDate "2000.07.24"]
[EventType "swiss"]
[EventRounds "11"]
[EventCountry "SUI"]
[SourceTitle "CBM 077 Extra"]
[Source "ChessBase"]
[SourceDate "2000.09.14"]
[SourceVersion "1"]
[SourceVersionDate "2000.09.14"]
[SourceQuality "1"]

1. e4 c5 2. Nf3 Nc6 3. d4 cxd4 4. Nxd4 Nf6 5. Nc3 e5 6. Ndb5 d6 7. Be3 a6 8. Na3 Ng4 9. Nc4 Nxe3 10. Nxe3 Be7 11. a4 0-0 12. Bc4 g6 13. 0-0 Kh8 14. Ned5 Bg5 15. b4 Be6 16. b5 Qa5 17. f4 exf4 18. Kh1 Ne5 19. Bb3 Bh6 20. Ne2 Bg7 21. Nexf4 Bd7 22. Ra2 Qd8 23. c4 Rc8 24. Rc2 f5 25. Ne3 Qb6 26. Nfd5 Qc5 27. exf5 gxf5 28. Rcf2 f4 29. Rxf4 Rxf4 30. Rxf4 Bh6 31. Rh4 Bxe3 32. Qh5 h6 33. Nf4 Bxf4 34. Rxf4 Kg7 35. Qh4 Qe3 36. Qe7+ Kg8 37. Qf6 Qxb3 38. h3 Qg3 39. Qxh6 Qg6 40. Qh4 Rf8 0-1